000 00601cam a22002053a 4500
001 44115
003 PGUSA
005 20140828084014.0
008 131105s2013||||xxu|||||s|||||000 | eng d
040 _aPGUSA
_beng
042 _adc
100 1 _aHolt, Emily Sarah,
_d1836-1893
245 1 0 _aLady Sybil's Choice :
_bA Tale of the Crusades
_h[electronic resource] /
_cEmily Sarah Holt
260 _bProject Gutenberg,
_c2013
506 _aPublic domain in the USA.
516 _aElectronic text
830 0 _aProject Gutenberg
_v44115
856 4 0 _uhttp://www.gutenberg.org/ebooks/44115
942 _cEB
999 _c273366
_d273366